00301nam a2200121Ia 4500008004100000041001200041082001600053100000600069245005200075260003200127300000800159650001200167221030s9999 xx 000 0 und d aEnglish a105.23bMal a. 0aLearning Objective in Physics Part II XIIcby . bMalhotra BrothersaJammuc0 a432 aPhysics